00775nam a22002057a 450000500170000000800410001701000140005802000260007203500130009803500170011103700150012803700230014304000180016608200130018424501010019726000460029827001380034430000320048265000550051420090521111840.0080922t xxu||||| |||| 00| 0 eng d aENG-93641 c170.00a9788178127248 aEN-77174 aB-362401-433 bDBAD / PUB bRamesh Pub. Hosue  adplbEnglish  a658.0076 aR. Gupta's UGC-NET management:bpaper II and III & compulsory paper I [previous papers (solved)] aNew Delhi bRamesh Publishing Housec2009 a12-H, New Darya Ganj Road, Opp. Traffic Kotwali bNew Delhie110002k23261567, 23275224l011-23275124minfo@rameshpublishinghouse.com aVarious pagings c25cm(pbk) aUGC-NET- ManagementxExaminations, questions, etc.